|
|
|
|
| LEADER |
02548nam a2200637 i 4500 |
| 001 |
nkc20233534649 |
| 003 |
CZ PrNK |
| 005 |
20230905112825.0 |
| 007 |
ta |
| 008 |
230726s2023 xr a f f 000 0 cze |
| 015 |
|
|
|a cnb003534649
|
| 020 |
|
|
|a 978-80-280-0319-7
|q (brožováno)
|
| 035 |
|
|
|a (OCoLC)1396730429
|
| 040 |
|
|
|a OLA001
|b cze
|d ABA001
|e rda
|
| 043 |
|
|
|a e-xr---
|
| 072 |
|
7 |
|a 553
|x Ložisková geologie
|2 Konspekt
|9 7
|
| 080 |
|
|
|a 669.822
|2 MRF
|
| 080 |
|
|
|a 546.791
|2 MRF
|
| 080 |
|
|
|a 553.495
|2 MRF
|
| 080 |
|
|
|a 621.039.75
|2 MRF
|
| 080 |
|
|
|a (437.3)
|2 MRF
|
| 080 |
|
|
|a (036)
|2 MRF
|
| 080 |
|
|
|a (084.11)
|2 MRF
|
| 100 |
1 |
|
|a Wertich, Vojtěch
|7 pna20191057231
|4 aut
|
| 245 |
1 |
0 |
|a Cesty uranu, aneb, Když geolog potká chemika v "Geobarru" /
|c autoři Vojtěch Wertich, Markéta Holá, Martin Kubeš, Jaromír Leichmann, Petr Navrátil, Kateřina Zachovalová
|
| 246 |
3 |
0 |
|a Když geolog potká chemika v "Geobarru"
|
| 250 |
|
|
|a 1. vydání
|
| 264 |
|
1 |
|a Brno :
|b Masarykova univerzita,
|c 2023
|
| 300 |
|
|
|a 17 stran :
|b ilustrace (převážně barevné) ;
|c 30 cm
|
| 336 |
|
|
|a text
|b txt
|2 rdacontent
|
| 336 |
|
|
|a statický obraz
|b sti
|2 rdacontent
|
| 337 |
|
|
|a bez média
|b n
|2 rdamedia
|
| 338 |
|
|
|a svazek
|b nc
|2 rdacarrier
|
| 500 |
|
|
|a Na obálce pod názvem: Ústav geologických věd, Ústav chemie, Přírodovědecká fakulta, Masarykova univerzita
|
| 650 |
0 |
7 |
|a uran
|7 ph126944
|2 czenas
|
| 650 |
0 |
7 |
|a ložiska uranu
|7 ph174605
|z Česko
|2 czenas
|
| 650 |
0 |
7 |
|a ukládání radioaktivního odpadu
|7 ph136867
|z Česko
|2 czenas
|
| 650 |
0 |
9 |
|a uranium
|2 eczenas
|
| 650 |
0 |
9 |
|a uranium deposits
|z Czechia
|2 eczenas
|
| 650 |
0 |
9 |
|a radioactive waste disposal
|z Czechia
|2 eczenas
|
| 655 |
|
7 |
|a informační publikace
|7 fd132454
|2 czenas
|
| 655 |
|
7 |
|a obrazové publikace
|7 fd132947
|2 czenas
|
| 655 |
|
9 |
|a information publications
|2 eczenas
|
| 655 |
|
9 |
|a pictorial works
|2 eczenas
|
| 700 |
1 |
|
|a Holá, Markéta,
|d 1977-
|7 mub2017951087
|4 aut
|
| 700 |
1 |
|
|a Kubeš, Martin
|7 ola20231196311
|4 aut
|
| 700 |
1 |
|
|a Leichmann, Jaromír,
|d 1963-
|7 pna2008467007
|4 aut
|
| 700 |
1 |
|
|a Navrátil, Petr
|7 mzk20231195634
|4 aut
|
| 700 |
1 |
|
|a Zachovalová, Kateřina
|7 mub20231183458
|4 aut
|
| 710 |
2 |
|
|a Masarykova univerzita.
|b Ústav geologických věd
|7 ko2004226848
|4 isb
|
| 710 |
2 |
|
|a Masarykova univerzita.
|b Ústav chemie
|7 kn20091218005
|4 isb
|
| 910 |
2 |
|
|a BOA001
|b 4-1513.249
|
| 990 |
|
|
|a BK
|
| 995 |
|
|
|a 01
|
| 991 |
|
|
|b 202309
|c NOV
|
| 996 |
6 |
|
|b 2610947170
|c 4-1513.249
|l MZK
|r Sklad / do 1 hodiny
|n 0
|p p.v.
|w 001936856
|u 000010
|a 1
|e BOA001
|j MZK50
|s P
|